[Event "Igualada Anoia op 13th"]
[Site "Igualada"]
[Date "2018.01.20"]
[Round "2"]
[White "Jimenez Sanchez, Juan Rafael"]
[Black "Clotet Torrelles, Ramon"]
[Result "1/2-1/2"]
[WhiteElo "1739"]
[BlackElo "1888"]
[PlyCount "97"]
[EventDate "2018.01.13"]
[EventType "swiss"]
[EventRounds "8"]
[EventCountry "ESP"]
[SourceTitle "CBM 187 Extra"]
[Source "ChessBase"]
[SourceDate "2018.11.04"]
[SourceVersion "1"]
[SourceVersionDate "2018.11.04"]
[SourceQuality "1"]

1. Nf3 Nf6 2. c4 g6 3. Nc3 Bg7 4. g3 d6 5. Bg2 c6 6. 0-0 Qc7 7. d3 0-0 8. h3 e5 9. e4 a5 10. b3 Na6 11. Be3 Nc5 12. Qc2 Re8 13. a3 Bd7 14. b4 Ne6 15. d4 exd4 16. Nxd4 Nxd4 17. Bxd4 axb4 18. axb4 Be6 19. Na4 Ra6 20. c5 d5 21. Nc3 Rxa1 22. Rxa1 dxe4 23. Nxe4 Nxe4 24. Bxg7 Kxg7 25. Qxe4 Qd7 26. Re1 Rd8 27. Qe5+ Kg8 28. Qf6 Qd4 29. Qxd4 Rxd4 30. b5 Rc4 31. Re5 Kf8 32. bxc6 bxc6 33. Bxc6 Bxh3 34. Bb5 Rc1+ 35. Kh2 Bg4 36. Kg2 Rc3 37. Kf1 Bf3 38. Ke1 f6 39. Kd2 Rb3 40. Re3 Rb2+ 41. Kc3 Rxb5 42. Rxf3 Rxc5+ 43. Kd4 Rc6 44. Kd5 Ra6 45. Rc3 Ke7 46. Rc7+ Kf8 47. Rxh7 Ra2 48. Ke6 Ra6+ 49. Kd5 1/2-1/2

[Event "Igualada op 12th"]
[Site "Igualada"]
[Date "2017.02.18"]
[Round "6"]
[White "Jimenez Sanchez, Juan Rafael"]
[Black "Pla Carulla, Joaquim"]
[Result "1/2-1/2"]
[WhiteElo "1740"]
[BlackElo "1745"]
[PlyCount "41"]
[EventDate "2017.01.14"]
[EventType "swiss"]
[EventRounds "8"]
[EventCountry "ESP"]
[SourceTitle "EXT 2018"]
[Source "ChessBase"]
[SourceDate "2017.10.13"]
[SourceVersion "1"]
[SourceVersionDate "2017.10.13"]
[SourceQuality "1"]

1. Nf3 d5 2. c4 c6 3. b3 Nf6 4. g3 Bf5 5. Bg2 e6 6. 0-0 h6 7. Bb2 Nbd7 8. d4 Bd6 9. Nbd2 0-0 10. Re1 Ne4 11. Nxe4 Bxe4 12. Nd2 Bxg2 13. Kxg2 f5 14. f4 Nf6 15. c5 Bc7 16. e3 Ba5 17. a3 Bxd2 18. Qxd2 g5 19. Qc2 Ne4 20. b4 Qe8 21. Rf1 1/2-1/2

[Event "Igualada op 12th"]
[Site "Igualada"]
[Date "2017.01.28"]
[Round "3"]
[White "Farell Duran, Josep"]
[Black "Jimenez Sanchez, Juan Rafael"]
[Result "1/2-1/2"]
[WhiteElo "1539"]
[BlackElo "1740"]
[PlyCount "90"]
[EventDate "2017.01.14"]
[EventType "swiss"]
[EventRounds "8"]
[EventCountry "ESP"]
[SourceTitle "EXT 2018"]
[Source "ChessBase"]
[SourceDate "2017.10.13"]
[SourceVersion "1"]
[SourceVersionDate "2017.10.13"]
[SourceQuality "1"]

1. f4 Nf6 2. Nf3 d6 3. e3 e5 4. fxe5 dxe5 5. Nxe5 Bd6 6. Nf3 Bg4 7. Be2 Ne4 8. 0-0 Qe7 9. d3 Ng3 10. hxg3 Bxg3 11. e4 Qc5+ 12. d4 Qh5 13. Nbd2 Nc6 14. Bc4 0-0 15. c3 Rad8 16. Bd5 Rxd5 17. exd5 Ne7 18. Re1 Ng6 19. Nf1 Bd6 20. Qd3 Nf4 21. Bxf4 Bxf4 22. N3h2 Bc8 23. Qf3 Qg5 24. Re4 Bd6 25. Rae1 Qxd5 26. Re8 Qxa2 27. Rxf8+ Bxf8 28. Re8 Bd7 29. Re2 c6 30. Qf4 Qc4 31. Qe4 Qb3 32. Nf3 h6 33. Ng3 a5 34. Ne5 Be6 35. Rf2 Qd1+ 36. Kh2 Bd6 37. Qf3 Qb1 38. Nxf7 Bxg3+ 39. Kxg3 Qg6+ 40. Kh2 Bxf7 41. Qf5 Qd6+ 42. g3 Bd5 43. Qc8+ Kh7 44. Qf5+ Kg8 45. Qc8+ Kh7 1/2-1/2

[Event "Moia op 5th"]
[Site "Moia"]
[Date "2016.11.11"]
[Round "7"]
[White "Jimenez Sanchez, Juan Rafael"]
[Black "Sola Lluch, Miquel"]
[Result "0-1"]
[WhiteElo "1777"]
[BlackElo "1857"]
[PlyCount "106"]
[EventDate "2016.09.23"]
[EventType "swiss"]
[EventRounds "8"]
[EventCountry "ESP"]
[SourceTitle "EXT 2018"]
[Source "ChessBase"]
[SourceDate "2017.10.13"]
[SourceVersion "1"]
[SourceVersionDate "2017.10.13"]
[SourceQuality "1"]

1. Nf3 d5 2. c4 e6 3. cxd5 exd5 4. d4 Nf6 5. Nc3 c6 6. e3 Bd6 7. Be2 0-0 8. 0-0 Re8 9. Qc2 Bg4 10. Bd2 Nbd7 11. a3 Ne4 12. b4 Re6 13. g3 Qf6 14. Nh4 Bxe2 15. Nxe2 g5 16. Ng2 Qf3 17. Nc3 Rh6 18. Nxe4 dxe4 19. Qd1 Qf5 20. f4 Qh3 21. Kf2 gxf4 22. exf4 Nf6 23. Rh1 Ng4+ 24. Kg1 Nxh2 25. Qe2 Qxg3 26. Rxh2 Qxh2+ 27. Kf2 Re8 28. Rg1 Rg6 29. Be3 Qg3+ 30. Kf1 Qf3+ 31. Ke1 Qxe2+ 32. Kxe2 f5 33. Kf2 Be7 34. Rh1 a5 35. Rh5 axb4 36. axb4 Rf8 37. Nh4 Bxh4+ 38. Rxh4 h6 39. Rh5 Kg7 40. d5 cxd5 41. Bd4+ Kh7 42. Rh3 Ra8 43. Rh5 Rf8 44. Bc5 Rf7 45. Rh3 Ra6 46. Rc3 Rc7 47. Rb3 b6 48. Bd6 Rd7 49. Be5 d4 50. b5 Ra2+ 51. Ke1 d3 52. Rb1 e3 53. Rd1 Rda7 0-1

[Event "Moia op 5th"]
[Site "Moia"]
[Date "2016.11.04"]
[Round "6"]
[White "Jimenez Sanchez, Juan Rafael"]
[Black "Crusats Mir, Josep"]
[Result "1/2-1/2"]
[WhiteElo "1777"]
[BlackElo "1850"]
[PlyCount "52"]
[EventDate "2016.09.23"]
[EventType "swiss"]
[EventRounds "8"]
[EventCountry "ESP"]
[SourceTitle "EXT 2018"]
[Source "ChessBase"]
[SourceDate "2017.10.13"]
[SourceVersion "1"]
[SourceVersionDate "2017.10.13"]
[SourceQuality "1"]

1. Nf3 d5 2. c4 dxc4 3. Na3 Nf6 4. Nxc4 e6 5. d4 c5 6. e3 Nc6 7. Be2 cxd4 8. exd4 Be7 9. 0-0 0-0 10. Be3 a6 11. a3 b5 12. Nce5 Bb7 13. b4 Nd5 14. Qd2 Nxe3 15. Qxe3 Bf6 16. Rfd1 Ne7 17. Rac1 Nd5 18. Qd2 Qd6 19. Rc5 Be7 20. Rdc1 f6 21. Nc6 Rfc8 22. Na5 Qd7 23. Nxb7 Qxb7 24. Rxc8+ Rxc8 25. Rc2 Rxc2 26. Qxc2 Qc7 1/2-1/2

[Event "Martorell op 23rd"]
[Site "Martorell"]
[Date "2015.10.31"]
[Round "6"]
[White "Jimenez Sanchez, Juan Rafael"]
[Black "Gomez Jurado, Luis Alberto"]
[Result "0-1"]
[WhiteElo "1990"]
[BlackElo "2403"]
[PlyCount "63"]
[EventDate "2015.09.19"]
[EventType "swiss"]
[EventRounds "8"]
[EventCountry "ESP"]
[SourceTitle "EXT 2017"]
[Source "ChessBase"]
[SourceDate "2016.10.25"]
[SourceVersion "1"]
[SourceVersionDate "2016.10.25"]
[SourceQuality "1"]

1. Nf3 Nf6 2. c4 e6 3. g3 b6 4. Bg2 Bb7 5. 0-0 Be7 6. b3 0-0 7. Bb2 c5 8. e3 d6 9. Na3 Nbd7 10. Nc2 Ne4 11. d3 Bf6 12. Bxf6 Nexf6 13. Qd2 Qe7 14. Rfd1 Rfd8 15. a3 Rac8 16. b4 d5 17. cxd5 Nxd5 18. Rac1 N5f6 19. Qe2 Nd5 20. Qe1 cxb4 21. Nxb4 a5 22. Nxd5 Bxd5 23. Rc3 Bxf3 24. Bxf3 Qf6 25. Rxc8 Rxc8 26. Be2 Qb2 27. a4 Rc2 28. Kf1 Nc5 29. Rb1 Rxe2 30. Qxe2 Qxb1+ 31. Kg2 Qxd3 32. Qa2 0-1

[Event "Martorell op 23rd"]
[Site "Martorell"]
[Date "2015.10.03"]
[Round "3"]
[White "Jimenez Sanchez, Juan Rafael"]
[Black "Masferrer Niubo, Enric"]
[Result "0-1"]
[WhiteElo "1990"]
[BlackElo "2165"]
[PlyCount "48"]
[EventDate "2015.09.19"]
[EventType "swiss"]
[EventRounds "8"]
[EventCountry "ESP"]
[SourceTitle "EXT 2017"]
[Source "ChessBase"]
[SourceDate "2016.10.25"]
[SourceVersion "1"]
[SourceVersionDate "2016.10.25"]
[SourceQuality "1"]

1. Nf3 d6 2. d4 g6 3. c4 Bg7 4. Bf4 Nf6 5. h3 0-0 6. e3 Nfd7 7. Nc3 c5 8. Be2 Nc6 9. 0-0 cxd4 10. Nxd4 Nxd4 11. exd4 e5 12. Be3 Qh4 13. Qd2 exd4 14. Bf4 dxc3 15. Qe3 cxb2 16. Rad1 Ne5 17. Rxd6 Bf5 18. Bxe5 Bxe5 19. Qxe5 b1Q 20. Rxb1 Bxb1 21. Rd4 Rae8 22. Qc5 Qe7 23. Qb5 Qxe2 24. Qxb1 Qe1+ 0-1

[Event "Manresa op 31st"]
[Site "Manresa"]
[Date "2014.10.18"]
[Round "5"]
[White "Mendez Egea, Antoni"]
[Black "Jimenez Sanchez, Juan Rafael"]
[Result "1-0"]
[WhiteElo "1928"]
[BlackElo "1939"]
[PlyCount "63"]
[EventDate "2014.09.20"]
[EventType "swiss"]
[EventRounds "8"]
[EventCountry "ESP"]
[SourceTitle "EXT 2016"]
[Source "ChessBase"]
[SourceDate "2015.10.08"]
[SourceVersion "1"]
[SourceVersionDate "2015.10.08"]
[SourceQuality "1"]

1. b3 e6 2. Bb2 Nf6 3. e3 g6 4. f4 Bg7 5. Nf3 0-0 6. Be2 Nc6 7. 0-0 d6 8. c4 Bd7 9. Nc3 a6 10. d4 d5 11. Ne5 Qe7 12. Qc1 Nb4 13. a3 Nc6 14. Qe1 Na5 15. b4 Nxc4 16. Nxc4 dxc4 17. Bxc4 b5 18. Be2 Nd5 19. Bf3 c6 20. Ne4 Rfc8 21. Nc5 Be8 22. Qd2 Qc7 23. g4 Bf8 24. h4 a5 25. h5 axb4 26. axb4 Bxc5 27. dxc5 Qe7 28. Qd4 f6 29. g5 Kf7 30. Bxd5 cxd5 31. Kf2 Rxa1 32. Bxa1 1-0

[Event "Manresa op 31st"]
[Site "Manresa"]
[Date "2014.09.27"]
[Round "2"]
[White "Jimenez Sanchez, Juan Rafael"]
[Black "Basas Gamazo, Josep"]
[Result "0-1"]
[WhiteElo "1939"]
[BlackElo "2084"]
[PlyCount "104"]
[EventDate "2014.09.20"]
[EventType "swiss"]
[EventRounds "8"]
[EventCountry "ESP"]
[SourceTitle "EXT 2016"]
[Source "ChessBase"]
[SourceDate "2015.10.08"]
[SourceVersion "1"]
[SourceVersionDate "2015.10.08"]
[SourceQuality "1"]

1. d4 Nf6 2. Nf3 g6 3. Bf4 Bg7 4. e3 0-0 5. Be2 d6 6. h3 Nbd7 7. 0-0 Qe8 8. Nbd2 e5 9. dxe5 Nxe5 10. c3 Bf5 11. Nd4 Bd3 12. Bxe5 Bxe2 13. Qxe2 dxe5 14. Nb5 Qe7 15. e4 c6 16. Na3 Nh5 17. g3 Rfd8 18. Rad1 Qe6 19. Kg2 b5 20. Nb3 Bf8 21. Nc2 Rxd1 22. Rxd1 a5 23. Qd2 a4 24. Nc1 f5 25. exf5 Qxf5 26. Ne3 Qf6 27. Ng4 Qe6 28. Qg5 Re8 29. Rd8 Rxd8 30. Qxd8 Qd6 31. Nh6+ Kg7 32. Qg5 Qf6 33. Qe3 Qe6 34. Nd3 Qd5+ 35. f3 Bd6 36. Ng4 Qxa2 37. Qa7+ Qf7 38. Qxf7+ Kxf7 39. Ngxe5+ Ke6 40. Nxc6 Kd5 41. Nd4 Kc4 42. Nc1 b4 43. Nc2 bxc3 44. Ne3+ Kd4 45. Nc2+ Kc4 46. Ne3+ Kb5 47. bxc3 Nxg3 48. Kf2 Nf5 49. Nxf5 gxf5 50. Ke3 Kc4 51. Kd2 Bf4+ 52. Kc2 Bxc1 0-1

[Event "Palafrugell Gelpi Memorial 27th"]
[Site "Palafrugell"]
[Date "2012.09.22"]
[Round "1"]
[White "Vilar Lopez, Monica"]
[Black "Jimenez Sanchez, Juan Rafael"]
[Result "1-0"]
[WhiteElo "2153"]
[BlackElo "1837"]
[PlyCount "67"]
[EventDate "2012.09.22"]
[EventType "swiss"]
[EventRounds "9"]
[EventCountry "ESP"]
[SourceTitle "EXT 2014"]
[Source "ChessBase"]
[SourceDate "2013.11.20"]
[SourceVersion "1"]
[SourceVersionDate "2013.11.20"]
[SourceQuality "1"]

1. e4 c5 2. Nc3 g6 3. g3 Bg7 4. Bg2 d6 5. d3 Nf6 6. h3 Nc6 7. Nge2 0-0 8. 0-0 Bd7 9. Be3 h6 10. Qd2 Kh7 11. f4 e6 12. Rad1 e5 13. fxe5 Nxe5 14. b3 Bc6 15. d4 cxd4 16. Nxd4 Qa5 17. Nd5 Qxd2 18. Nxf6+ Bxf6 19. Rxd2 Be7 20. c4 Bd7 21. g4 g5 22. Nf5 Bxf5 23. exf5 Rfb8 24. f6 Bf8 25. Bf2 a5 26. Bg3 Ra6 27. Bxe5 dxe5 28. Rd7 Bc5+ 29. Kh1 Kg8 30. Bd5 Re6 31. Bxe6 fxe6 32. f7+ Kh8 33. Rf6 Bf8 34. Rxe6 1-0